00690 2200217 4500001002100000005001500021035002000036007000300056008004100059020001800100082001200118084001800130100001900148245005700167260004400224300001200268500015400280650001300434856001700447990000800464INLIS00000000000011520220128090851 a0010-0122000115ta220128 g 0 ind  a9789792746044 a006.752 a006.752 SLA m0 aSlamet Riyanto1 aMembangun web portal multibahasa dengan joomla 1.5.x aJakarta :bElex Media Komputindo,c2009 a269 hlm aBuku ini disusun berdasarkan pengalaman penulis dalam memberikn training di beberapa lembaga pelatihan dan telah mengembangkan web menggunakan joomla 4aWeb Blog aKoleksi Umum a161